[Event "SRB-chT Central"]
[Site "Kragujevac"]
[Date "2013.09.14"]
[Round "1.4"]
[White "Nestorovic, Dejan"]
[Black "Mrsevic, Miroslav"]
[Result "1-0"]
[WhiteElo "2437"]
[BlackElo "2286"]
[PlyCount "147"]
[EventDate "2013.09.14"]
[EventType "team-tourn"]
[EventRounds "11"]
[EventCountry "SRB"]
[SourceTitle "CBM 156 Extra"]
[Source "ChessBase"]
[SourceDate "2013.10.22"]
[SourceVersion "1"]
[SourceVersionDate "2013.10.22"]
[SourceQuality "1"]
[WhiteTeam "Petrovac Sloga"]
[BlackTeam "Prijepolje Priko"]
[WhiteTeamCountry "SRB"]
[BlackTeamCountry "SRB"]

1. d4 Nf6 2. c4 g6 3. Nc3 Bg7 4. e4 d6 5. Nf3 0-0 6. Be2 e5 7. 0-0 Nc6 8. d5 Ne7 9. Bg5 h6 10. Bxf6 Bxf6 11. b4 c6 12. Qb3 a5 13. a3 cxd5 14. cxd5 Bg4 15. bxa5 Qxa5 16. Nb5 Ra6 17. Qb4 Qxb4 18. axb4 Nxd5 19. exd5 e4 20. Rxa6 bxa6 21. Nxd6 exf3 22. gxf3 Bh3 23. Rb1 Rd8 24. Ne4 Be5 25. Bxa6 Rxd5 26. b5 f5 27. b6 Kg7 28. Ng3 h5 29. b7 h4 30. Nf1 f4 31. Rb5 Be6 32. Rxd5 Bxd5 33. Nd2 Kf7 34. Bc4 Ke6 35. Kg2 Bxc4 36. Nxc4 Bc7 37. Kh3 Kd5 38. Nd2 Kc6 39. Kxh4 Bd8+ 40. Kg4 Kxb7 41. h3 Kc6 42. Kxf4 Kd5 43. Ne4 Ke6 44. Kg4 Ke5 45. Ng3 Bb6 46. f4+ Ke6 47. f3 Kf6 48. f5 gxf5+ 49. Nxf5 Kg6 50. Ne7+ Kh6 51. h4 Ba5 52. f4 Bd8 53. Nf5+ Kh7 54. Nd6 Be7 55. Nf7 Kg6 56. Ne5+ Kh6 57. Nf3 Bd8 58. h5 Bf6 59. Nh4 Bd8 60. Nf5+ Kh7 61. Nd6 Be7 62. Nf7 Kg7 63. Ne5 Kh6 64. Nf7+ Kg7 65. Ng5 Kh6 66. Ne4 Ba3 67. Ng3 Bc1 68. Kf5 Bd2 69. Kg4 Ba5 70. f5 Bd2 71. f6 Bb4 72. Nf5+ Kh7 73. f7 Ba3 74. Kf3 1-0